Longman preparation course for the TOEFL test. Volume A, Skills and strategies /

Αποθηκεύτηκε σε:
Λεπτομέρειες βιβλιογραφικής εγγραφής
Κύριος συγγραφέας: Phillips, Deborah, 1952-
Μορφή: Βιβλίο
Γλώσσα:English
Δημοσίευση: White Plains, N.Y. : Longman, 1995
Έκδοση:2nd ed.
Θέματα:
Ετικέτες: Προσθήκη ετικέτας
Δεν υπάρχουν, Καταχωρήστε ετικέτα πρώτοι!

MARC

LEADER 00000cam a2200000 i 4500
001 1/9493
008 000816s1995 eng d
020 |a 0-201-84676-4 
035 |l 10063071 
040 |a GR-MY-UA  |b gre  |e aacr 
041 0 |a eng 
082 0 |a 428.24 
100 1 |a Phillips, Deborah,   |d 1952- 
245 1 0 |a Longman preparation course for the TOEFL test.  |n Volume A,  |p Skills and strategies /  |c Deborah Phillips 
246 3 3 |a Preparation course for the TOEFL test 
250 |a 2nd ed. 
260 |a White Plains, N.Y. :   |b Longman,   |c 1995 
300 |a xvii, 412 p.;  |b ill.;  |c 28 cm 
650 0 0 |a English language  |v Textbooks for foreign speakers. 
852 |a INST  |b CHIOS  |e 20000816  |h 428.24 PHI  |p 005200018198  |q 005200018198  |t BK  |y 0 
901 |a BIBL2-2000-2 
909 |a Χ  |b 075660 
970 |z 2000/08/ΔΕΜΕΝΑΓΑΣ